00611cam a22001813a 450000100060000000300060000600500170001200800410002904000150007004200070008510000220009224501650011426000290027950600300030851600200033883000290035885600420038735183PGUSA20140828083746.0110206s2011||||xxu|||||s|||||000 | eng d aPGUSAbeng adc1 aScoresby, William10aMemorials of the Sea :bMy Father: Being Records of the Adventurous Life of the Late William Scoresby, Esq. of Whitbyh[electronic resource] /cWilliam Scoresby bProject Gutenberg,c2011 aPublic domain in the USA. aElectronic text 0aProject Gutenbergv3518340uhttp://www.gutenberg.org/ebooks/35183